Bùi Hữu Nghĩa : Mối duyên vàng đá

Đã lưu trong:
Sonraí Bibleagrafaíochta
Príomhúdar: Hoài Anh
Formáid: Leabhar
Teanga:Undetermined
Foilsithe: Thành phố Hồ Chí Minh Văn Nghệ 1998
Ábhair:
Clibeanna: Cuir Clib Leis
Gan Chlibeanna, Bí ar an gcéad duine leis an taifead seo a chlibeáil!
Thư viện lưu trữ: Trung tâm Học liệu Trường Đại học Cần Thơ
LEADER 00707nam a2200241Ia 4500
001 CTU_35114
008 210402s9999 xx 000 0 und d
020 |b 18.000đ 
020 |c 18000 
082 |a 808.8381 
082 |b H404 
100 |a Hoài Anh 
245 0 |a Bùi Hữu Nghĩa : 
245 0 |b Mối duyên vàng đá 
245 0 |c Hoài Anh 
260 |a Thành phố Hồ Chí Minh 
260 |b Văn Nghệ 
260 |c 1998 
650 |a Historical fiction,Vietnamese fiction,Vietnamese literature 
650 |y 20th century,20th century 
650 |z Vietnamese 
904 |i Minh, Q. Hiếu (sửa) 
980 |a Trung tâm Học liệu Trường Đại học Cần Thơ